Thể thao Thành phố Hồ Chí Minh
Saved in:
| Main Author: | |
|---|---|
| Format: | Book |
| Language: | Undetermined |
| Published: |
Thành phố Hồ Chí Minh
|
| Subjects: | |
| Online Access: | http://lrc.tdmu.edu.vn/opac/search/detail.asp?aID=2&ID=6810 |
| Tags: |
Add Tag
No Tags, Be the first to tag this record!
|
| Institutions: | Trung tâm Học liệu Trường Đại học Thủ Dầu Một |
|---|
| LEADER | 00588nam a2200145Ia 4500 | ||
|---|---|---|---|
| 001 | TDMU_6810 | ||
| 008 | 210410s9999 xx 000 0 und d | ||
| 082 | |a NULL | ||
| 100 | |a Sở Văn hoá, Thể thao và Du lịch Thành phố Hồ Chí Minh | ||
| 245 | 0 | |a Thể thao Thành phố Hồ Chí Minh | |
| 260 | |a Thành phố Hồ Chí Minh | ||
| 300 | |a 16tr | ||
| 650 | |a Báo Thể thao ; Ngưng xuất bản 7/2016 | ||
| 856 | |u http://lrc.tdmu.edu.vn/opac/search/detail.asp?aID=2&ID=6810 | ||
| 980 | |a Trung tâm Học liệu Trường Đại học Thủ Dầu Một | ||